00397nam a2200145Ia 4500008004100000020001500041041000800056082001500064100002200079245007500101250000600176260003100182300001100213650002700224210716s2003 xx 000 0 und d a8177223739 aeng a651.7 SHEM aShelburne, Merry. aEffective public relations: a practical approach.bPractical approach. a2 aNew DelhibBiztantrac2003 aix,314 aBusiness Communication